The validity of daylight calculations in rights to light cases (Record no. 108770)
[ view plain ]
| 000 -LEADER | |
|---|---|
| fixed length control field | 01974cam a22002535a 4500 |
| 001 - CONTROL NUMBER | |
| control field | L145365 |
| 008 - FIXED-LENGTH DATA ELEMENTS--GENERAL INFORMATION | |
| fixed length control field | 081001s2007 xxkdo f ms 000 0 eng d |
| 035 ## - SYSTEM CONTROL NUMBER | |
| System control number | (Sirsi) u145365 |
| 041 0# - LANGUAGE CODE | |
| Language code of text/sound track or separate title | eng |
| 050 04 - LIBRARY OF CONGRESS CALL NUMBER | |
| Classification number | 346.410435 |
| 100 1# - MAIN ENTRY--PERSONAL NAME | |
| Personal name | Defoe, Peter Stanley |
| 245 04 - TITLE STATEMENT | |
| Title | The validity of daylight calculations in rights to light cases |
| 260 ## - PUBLICATION, DISTRIBUTION, ETC. | |
| Place of publication, distribution, etc. | Cambridge |
| Name of publisher, distributor, etc. | Anglia Ruskin University |
| Date of publication, distribution, etc. | 2007 |
| 300 ## - PHYSICAL DESCRIPTION | |
| Extent | xiv, 272p. |
| Other physical details | ill. |
| Dimensions | 30cm. |
| 505 2# - FORMATTED CONTENTS NOTE | |
| Formatted contents note | The legal background -- The development of the present methodologies -- Existing methods and available alternatives -- How much light is needed and how much is available? -- Designing the research project -- Research details and results -- Analysis of results -- Conclusions and recommendations |
| 505 2# - FORMATTED CONTENTS NOTE | |
| Formatted contents note | Appendices: photometric definitions; discussion on the party wall and rights to light forum; accuracy and tolerances of measuring equipment; experimental data sheet; was Waldrum wrong?; the validity of daylight calculations in rights to light cases; Waldrum and CIE Lambert diagram tables |
| 520 ## - SUMMARY, ETC. | |
| Summary, etc. | This doctoral thesis proposes a need to re-evaluate the basis of assessment of the sufficiency of daylight in rights to light cases where a reduction or loss of daylight may lead to a claim for damages. The author challenges the established methodology for calculating reductions and seeks to explore the options for viable alternatives that are suitable for both the negotiation of compensation and advising the court. The original research into the subject is repeated and compared against other techniques to help develop a new model of calculation that will allow surveyors to offer the most accurate advice possible to interested parties. Contains appendices and detailed statistical analysis. |
| 521 ## - TARGET AUDIENCE NOTE | |
| Target audience note | Advanced |
| 590 ## - LOCAL NOTE (RLIN) | |
| Local note | KA |
| 650 24 - SUBJECT ADDED ENTRY--TOPICAL TERM | |
| Topical term or geographic name entry element | RIGHTS TO LIGHT |
| 651 #4 - SUBJECT ADDED ENTRY--GEOGRAPHIC NAME | |
| Geographic name | England and Wales |
| Chronological subdivision | 1543- |
| 690 ## - LOCAL SUBJECT ADDED ENTRY--TOPICAL TERM (OCLC, RLIN) | |
| Topical term or geographic name as entry element | PROPERTY-PROPERTY MANAGEMENT-EASEMENTS-RIGHTS TO LIGHT DETERMINATION |
| 942 ## - ADDED ENTRY ELEMENTS (KOHA) | |
| Suppress in OPAC | 0 |
| Withdrawn status | Lost status | Source of classification or shelving scheme | Damaged status | Not for loan | Home library | Current library | Shelving location | Date acquired | Total Checkouts | Full call number | Barcode | Date last seen | Copy number | Price effective from | Koha item type |
|---|---|---|---|---|---|---|---|---|---|---|---|---|---|---|---|
| Dewey Decimal Classification | London | London | Basement | 01/10/2008 | Archive F346.410435 DEF | 30075349 | 12/06/2024 | 1 | 06/08/2019 | Reference material |